Relación de los señores inquisidores de la Ciudad de Toledo acerca de las causas, en acto público, sobre blasfemias, fornicación, hechicería, etc.

Detalles Bibliográficos
Otros Autores: Francisco Núñez de Molina
Formato: Libro
Publicado: Toledo, 1610
Materias:
Colección:Banco de datos
Acervo:Biblioteca Palafoxiana. Colección de Manuscritos
Descripción Física:6 f. ; 20.5 x 31 cm.
Tema general:Eclesiástica
LEADER 00505nam a22001450004500
035 |a 3082 
245 1 0 |a Relación de los señores inquisidores de la Ciudad de Toledo acerca de las causas, en acto público, sobre blasfemias, fornicación, hechicería, etc.  
260 |a Toledo, 1610 
300 |a 6 f. ; 20.5 x 31 cm. 
650 1 0 |a Eclesiástica 
700 1 |a Francisco Núñez de Molina 
949 |a R477/008 
942 |c PALAMANU 
943 |g Biblioteca Palafoxiana. Colección de Manuscritos 
999 |c 1071027  |d 1071027